000
00154nam a22000857a 4500
082
_a
823
100
_a
WILOUM, KATHY
245
_a
TINY TOT'S TOYS
942
_c
BK
999
_c
8128
_d
8128